Child-care and the psychology of development

Αποθηκεύτηκε σε:
Λεπτομέρειες βιβλιογραφικής εγγραφής
Κύριος συγγραφέας: Singer, Elly, 1948-
Μορφή: Βιβλίο
Γλώσσα:English
Dutch
Δημοσίευση: London: Routledge, 1992.
Σειρά:Critical psychology
Θέματα:
Ετικέτες: Προσθήκη ετικέτας
Δεν υπάρχουν, Καταχωρήστε ετικέτα πρώτοι!

MARC

LEADER 00000cam a2200000 i 4500
001 1/74563
008 970904s1992 enk| ||| |||| ||eng||
020 |a 0415055911 
035 |a 1993  |b 1  |c Πολεμικός  |l 10031855 
040 |a GR-MyUa  |b gre  |e AACR2  
041 1 |a eng  |h dut 
082 7 |a 649.1   |2 (22) 
100 1 |a Singer, Elly,   |d 1948- 
245 1 0 |a Child-care and the psychology of development /   |c Elly Singer ; translated by Ann Porcelijn.  
260 |a London:   |b Routledge,   |c 1992.  
300 |a 180 σ. ;  |c 23 εκ.  
490 1 |a (Critical psychology)  
500 |a Τίτλος πρωτοτύπου: Kinderopvang en de moeder-kindrelatie.  
650 0 |a Child care  |x History. 
650 0 |a Child care services  |x History. 
650 0 |a Child development  |x History. 
830 0 |a Critical psychology 
852 |a INST  |b RHODES  |e 19970904  |h 649.1 SIN  |p 005400008392  |q 005400008392  |t BK  |y 0 
970 |z 1997/09/04